The interdisciplinary team : a handbook for the education of exceptional children /

Bibliographic Details
Main Author: Golin, Anne K.
Other Authors: Ducanis, Alex J.
Format: Book
Language:English
Published: Rockville, Md. : Aspen Systems Corp., 1981.
Subjects:

MARC

Tag First Indicator Second Indicator Subfields
LEADER 00000pam a2200000 a 4500
001 in00000078609
005 20151008053850.0
008 810202s1981 mdua b 00110 eng
010 |a  81000738  
020 |a 0894433466 
035 |a (OCoLC)07282059 
035 |9 AAH8898AM 
039 0 |a 2  |b 3  |c 3  |d 3  |e 3 
040 |a DLC  |c DLC  |d TXA  |d UtOrBLW 
043 |a n-us--- 
049 |a TXAM  |c [985521] 
050 0 0 |a LC4031  |b .G6 
060 0 |a LC 4625 G626i 
082 0 |a 371.9  |2 19 
100 1 |a Golin, Anne K. 
245 1 4 |a The interdisciplinary team :  |b a handbook for the education of exceptional children /  |c Anne K. Golin, Alex J. Ducanis. 
264 1 |a Rockville, Md. :  |b Aspen Systems Corp.,  |c 1981. 
300 |a vii, 206 pages :  |b illustrations ;  |c 24 cm. 
336 |a text  |b txt  |2 rdacontent 
337 |a unmediated  |b n  |2 rdamedia 
338 |a volume  |b nc  |2 rdacarrier 
500 |a "An Aspen publication." 
500 |a Includes index. 
504 |a Bibliography: pages 185-195. 
650 0 |a Children with disabilities  |x Education  |z United States  |v Handbooks, manuals, etc. 
650 0 |a Teaching teams  |x Handbooks, manuals, etc. 
650 0 |a Interdisciplinary approach in education  |v Handbooks, manuals, etc. 
650 2 |a Education of Intellectually Disabled  |x Handbooks. 
650 2 |a Teaching  |x methods  |x Handbooks. 
700 1 |a Ducanis, Alex J. 
999 |a MARS 
999 f f |s 3c4336bf-f532-3f6b-97b1-64fc0a34251d  |i 5fb2fa0c-8330-3f6e-ae74-dc91a158b80b  |t 0 
952 f f |p normal  |a Texas A&M University  |b College Station  |c Sterling C. Evans Library  |d Evans: Library Stacks  |t 0  |e LC4031 .G6  |h Library of Congress classification  |i unmediated -- volume  |m A14806164273 
998 f f |a LC4031 .G6  |t 0  |l Evans: Library Stacks